Environmental economics: a critique of benefit-cost analysis (Record no. 441225)

000 -LEADER
fixed length control field 00426cam a22001457a 4500
008 - FIXED-LENGTH DATA ELEMENTS--GENERAL INFORMATION
fixed length control field 180718b2010 xxu||||| |||| 00| 0 eng d
020 ## - INTERNATIONAL STANDARD BOOK NUMBER
International Standard Book Number 8131603342
082 ## - DEWEY DECIMAL CLASSIFICATION NUMBER
Classification number O91 G783
100 ## - MAIN ENTRY--PERSONAL NAME
Personal name Graves, Philip E.
245 ## - TITLE STATEMENT
Title Environmental economics: a critique of benefit-cost analysis
Statement of responsibility, etc. by Philip E. Graves
260 ## - PUBLICATION, DISTRIBUTION, ETC.
Place of publication, distribution, etc. Jaipur
Name of publisher, distributor, etc. Rawat
Date of publication, distribution, etc. 2010
300 ## - PHYSICAL DESCRIPTION
Extent 186p.
650 ## - SUBJECT ADDED ENTRY--TOPICAL TERM
Topical term or geographic name entry element Cost effectiveness
650 ## - SUBJECT ADDED ENTRY--TOPICAL TERM
Topical term or geographic name entry element Environmental economics
Holdings
Withdrawn status Lost status Damaged status Not for loan Permanent Location Current Location Date acquired Full call number Barcode Date last seen Price effective from Koha item type
        Indian Institute of Public Administration Indian Institute of Public Administration 2011-01-05 O91 G783 84255 2018-07-21 2018-07-21 Book

Powered by Koha